| 000 | 01413 a2200277 4500 | ||
|---|---|---|---|
| 003 | Nust | ||
| 005 | 20221212181312.0 | ||
| 010 | _a 2003046441 | ||
| 020 | _a0071198482 | ||
| 020 | _a007246352X | ||
| 040 | _cNust | ||
| 082 | 0 | 0 | _a621.3821,LEO |
| 100 | 1 |
_aLeon-Garcia, Alberto. _969592 |
|
| 245 | 1 | 0 |
_aCommunication networks : _bfundamental concepts and key architectures / _cAlberto Leon-Garcia, Indra Wadjaja. |
| 250 | _a2nd ed. | ||
| 260 |
_aBoston : _bMcGraw-Hill, _c2004. |
||
| 300 |
_axxvii, 900 p. : _bill. ; _c24 cm. |
||
| 505 | _aCommunication Networks and Services (Page-1), Layered Architectures (Page-34), Digital Transmission Fundamentals (Page-99), Circuit-Switching Networks (Page-206), Peer-to-Peer Protocols and Data Link Layer (Page-282), Medium Access Control Protocols and Local Area Networks (Page-368), Packet-Switching Networks (Page-490), TCP/IP (Page-572), ATM Networks (Page-660), Advanced Network Architectures (Page-705), Security Protocols (Page-763), Multimedia Information (Page-800). | ||
| 650 | 0 | _aComputer network architectures. | |
| 650 | 0 |
_aComputer networks. _93677 |
|
| 650 | 0 |
_aTelecommunication systems. _921843 |
|
| 700 | 1 |
_aWidjaja, Indra. _d1960- _9104673 |
|
| 856 | 4 | 2 |
_3Publisher description _uhttp://www.loc.gov/catdir/description/mh031/2003046441.html |
| 856 | 4 | 2 |
_3Table of contents _uhttp://www.loc.gov/catdir/toc/mh031/2003046441.html |
| 942 |
_2ddc _cBK |
||
| 999 |
_c182644 _d182644 |
||